[Event "España ch sub-16 2007"]
[Site "Linres ESP"]
[Date "2007.07.24"]
[Round "4.11"]
[White "Galan Martin, Pedro Juan"]
[Black "Marcos Pinto, Luis"]
[Result "1-0"]
[WhiteElo "2095"]
[BlackElo "2015"]
[PlyCount "113"]
[EventDate "2007.07.22"]
[EventType "swiss"]
[EventRounds "9"]
[EventCountry "ESP"]
[Source "lmi"]
[SourceDate "2007.07.22"]

1. e4 c5 2. Nf3 Nc6 3. Nc3 Nf6 4. d4 cxd4 5. Nxd4 e5 6. Ndb5 d6 7. Bg5 a6 8.
Na3 b5 9. Bxf6 gxf6 10. Nd5 f5 11. Bxb5 axb5 12. Nxb5 Ra4 13. b4 Rxb4 14. Nbc7+
Kd7 15. O-O Qg5 16. Nxb4 Rg8 17. g3 Nxb4 18. c3 Qg4 19. Qa4+ Nc6 20. Nd5 Bg7
21. f3 Qh3 22. Nb4 Bb7 23. Qb5 Ba8 24. Nd5 h5 25. Nb6+ Kc7 26. Rab1 Bh6 27.
Nd5+ Kd8 28. Qb6+ Ke8 29. Nf6+ Kf8 30. Nxg8 Kxg8 31. Qf2 Kg7 32. Rfd1 fxe4 33.
fxe4 Qe6 34. Rf1 Na5 35. Rb4 Nc4 36. Rxc4 Qxc4 37. Qf6+ Kh7 38. Qxf7+ Qxf7 39.
Rxf7+ Kg6 40. Rd7 Be3+ 41. Kf1 Bc5 42. Ke2 Bxe4 43. Rc7 Kf6 44. a4 Bb6 45. Rc8
Ba5 46. Ke3 d5 47. c4 Bc2 48. Rc6+ Kf5 49. cxd5 Be4 50. Ra6 Bb4 51. d6 Bb7 52.
d7 Bc5+ 53. Kd2 Be7 54. Rd6 Bd8 55. Rh6 Bg5+ 56. Kc3 e4 57. Rxh5 1-0

[Event "España ch sub-16 2007"]
[Site "Linres ESP"]
[Date "2007.07.24"]
[Round "4.12"]
[White "Subirats Ruiz, Sergi"]
[Black "Torres Tellez, Jonathan"]
[Result "1-0"]
[WhiteElo "1958"]
[BlackElo "2084"]
[PlyCount "81"]
[EventDate "2007.07.22"]
[EventType "swiss"]
[EventRounds "9"]
[EventCountry "ESP"]
[Source "lmi"]
[SourceDate "2007.07.22"]

1. e4 e5 2. Nf3 Nc6 3. Bc4 d6 4. c3 Bg4 5. b4 Nf6 6. d3 Be7 7. O-O O-O 8. h3
Bh5 9. Re1 Qd7 10. Nbd2 Rfe8 11. Nf1 d5 12. exd5 Nxd5 13. Qb3 Bxf3 14. gxf3
Red8 15. Ne3 Nf4 16. Bxf7+ Kh8 17. Ng4 Nxh3+ 18. Kg2 Qxd3 19. Nxe5 Nxe5 20.
Rxe5 Bd6 21. Re4 Rf8 22. Be3 Qb5 23. Rh1 Qf5 24. Rxh3 Rxf7 25. Reh4 Raf8 26.
Qd5 Qg6+ 27. Rg4 Qf5 28. Qxb7 Rf6 29. Qxa7 Rg6 30. Qd4 Be5 31. Qc4 Rff6 32. b5
Qc2 33. b6 Qf5 34. b7 c6 35. a4 Qd7 36. Qb4 Bb8 37. a5 Qd5 38. Rxg6 Rxg6+ 39.
Rg3 Qf7 40. a6 Bxg3 41. fxg3 1-0

[Event "España ch sub-16 2007"]
[Site "Linres ESP"]
[Date "2007.07.24"]
[Round "5.1"]
[White "Alonso Rosell, Alvar"]
[Black "Salgado Lopez, Ivan"]
[Result "1-0"]
[WhiteElo "2285"]
[BlackElo "2456"]
[PlyCount "77"]
[EventDate "2007.07.22"]
[EventType "swiss"]
[EventRounds "9"]
[EventCountry "ESP"]
[Source "lmi"]
[SourceDate "2007.07.22"]

1. d4 e6 2. c4 Nf6 3. Nc3 Bb4 4. a3 Bxc3+ 5. bxc3 b6 6. f3 Nc6 7. e4 Ba6 8. Bd3
Na5 9. Qe2 c5 10. Be3 Rc8 11. Rc1 O-O 12. Nh3 d6 13. e5 cxd4 14. cxd4 dxe5 15.
dxe5 Nd7 16. f4 f5 17. exf6 Nxf6 18. Ng5 Qd6 19. O-O h6 20. Nf3 Qxa3 21. Ne5
Rfd8 22. Rfd1 Qe7 23. g4 Nb3 24. Rb1 Nc5 25. Bg6 Rxd1+ 26. Rxd1 Rf8 27. g5 Nd5
28. Qc2 Nxe3 29. Bh7+ Kh8 30. Ng6+ Kxh7 31. Nxf8+ Kg8 32. Qh7+ Kf7 33. Ng6 Nxd1
34. Nxe7 hxg5 35. Nc6 Ne3 36. Ne5+ Ke7 37. Qxg7+ Kd6 38. Qf8+ Kc7 39. fxg5 1-0

[Event "España ch sub-16 2007"]
[Site "Linres ESP"]
[Date "2007.07.24"]
[Round "5.2"]
[White "Recuero Guerra, David"]
[Black "Santana Montero, Pedro L"]
[Result "1-0"]
[WhiteElo "2378"]
[BlackElo "1888"]
[PlyCount "54"]
[EventDate "2007.07.22"]
[EventType "swiss"]
[EventRounds "9"]
[EventCountry "ESP"]
[Source "lmi"]
[SourceDate "2007.07.22"]

1. e4 e6 2. d4 d5 3. Nc3 Bb4 4. e5 c5 5. Bd2 Nh6 6. Nce2 Bxd2+ 7. Qxd2 Nc6 8.
f4 O-O 9. Nf3 f6 10. exf6 Qxf6 11. g3 cxd4 12. O-O-O Ng4 13. Nexd4 e5 14. Nxc6
bxc6 15. h3 e4 16. hxg4 Bxg4 17. Ne5 Bxd1 18. Qxd1 Qd6 19. Qh5 h6 20. Bh3 Rf6
21. Bd7 c5 22. Rd1 Rd8 23. Bc6 Qe6 24. c4 Kh7 25. Bxd5 Qb6 26. Bxe4+ Kg8 27.
Nd7 Ra8 1-0

[Event "España ch sub-16 2007"]
[Site "Linres ESP"]
[Date "2007.07.24"]
[Round "5.3"]
[White "Arribas Lopez, Angel"]
[Black "Subirats Ruiz, Sergi"]
[Result "1-0"]
[WhiteElo "2292"]
[BlackElo "1958"]
[PlyCount "111"]
[EventDate "2007.07.22"]
[EventType "swiss"]
[EventRounds "9"]
[EventCountry "ESP"]
[Source "lmi"]
[SourceDate "2007.07.22"]

1. Nf3 Nf6 2. g3 g6 3. Bg2 Bg7 4. O-O O-O 5. d3 d5 6. Nbd2 c5 7. e4 Nc6 8. h3
e5 9. exd5 Nxd5 10. c3 h6 11. Re1 Be6 12. Nc4 Qc7 13. a4 Rae8 14. Qe2 f6 15.
Bd2 Bf7 16. Nh4 Kh7 17. g4 b6 18. Nxg6 Bxg6 19. Bxd5 f5 20. gxf5 Rxf5 21. Be4
Rf6 22. Ne3 Ne7 23. Kh1 Bxe4+ 24. dxe4 Ref8 25. Ng4 Rf3 26. Be3 Rxh3+ 27. Nh2
Qc8 28. Rg1 Ng6 29. Qg4 Qxg4 30. Rxg4 h5 31. Rg3 Rxg3 32. fxg3 Bh6 33. Bxh6
Kxh6 34. Kg2 h4 35. a5 Rd8 36. Nf3 hxg3 37. Kxg3 Rd3 38. Kg4 Re3 39. Ng5 Re2
40. Rh1+ Kg7 41. Rh7+ Kg8 42. Kf5 Nf8 43. Rxa7 Rxb2 44. a6 Rf2+ 45. Kxe5 Ng6+
46. Kd5 Rg2 47. Ra8+ Kg7 48. Ne6+ Kf6 49. e5+ Kf7 50. Nd8+ Ke7 51. Nc6+ Kf7 52.
Ra7+ Ke8 53. Rb7 Rd2+ 54. Kc4 Ra2 55. a7 Ra1 56. e6 1-0

[Event "España ch sub-16 2007"]
[Site "Linres ESP"]
[Date "2007.07.24"]
[Round "5.4"]
[White "Gimenez Menchon, Cesar"]
[Black "Senlle Caride, Miguel"]
[Result "0-1"]
[WhiteElo "1895"]
[BlackElo "2179"]
[PlyCount "50"]
[EventDate "2007.07.22"]
[EventType "swiss"]
[EventRounds "9"]
[EventCountry "ESP"]
[Source "lmi"]
[SourceDate "2007.07.22"]

1. d4 Nf6 2. Nf3 g6 3. Bf4 Bg7 4. Nbd2 d5 5. e3 O-O 6. Bd3 Nbd7 7. Ne5 Nh5 8.
Qf3 Nxf4 9. Qxf4 Nxe5 10. dxe5 f6 11. exf6 Rxf6 12. Qg3 Rb6 13. Rb1 Rxb2 14.
Rxb2 Bxb2 15. O-O Qd6 16. f4 c5 17. e4 dxe4 18. Nxe4 Qd4+ 19. Kh1 c4 20. f5
cxd3 21. fxg6 Qxe4 22. gxh7+ Kxh7 23. Rf4 Qg6 24. Qh4+ Kg8 25. Qxe7 Bf5 0-1

[Event "España ch sub-16 2007"]
[Site "Linres ESP"]
[Date "2007.07.24"]
[Round "5.6"]
[White "Camacho Collados, Marcos"]
[Black "De Nacimiento Montaño, Angel"]
[Result "1/2-1/2"]
[WhiteElo "2239"]
[BlackElo "1999"]
[PlyCount "142"]
[EventDate "2007.07.22"]
[EventType "swiss"]
[EventRounds "9"]
[EventCountry "ESP"]
[Source "lmi"]
[SourceDate "2007.07.22"]

1. e4 c5 2. Nf3 d6 3. d4 cxd4 4. Nxd4 Nf6 5. Nc3 g6 6. Be3 Bg7 7. Be2 O-O 8.
Qd2 Nc6 9. O-O-O d5 10. exd5 Nxd5 11. Nxc6 bxc6 12. Nxd5 cxd5 13. Qxd5 Qc7 14.
Qxa8 Bf5 15. Qxf8+ Kxf8 16. Bd3 Qb7 17. c3 Be6 18. Bc2 f5 19. Rhe1 Kf7 20. Bc5
Qc7 21. Bd4 Qf4+ 22. Rd2 Bh6 23. Be3 Qe5 24. Rde2 Qxh2 25. Bxh6 Qxh6+ 26. Kb1
Bd5 27. Rxe7+ Kf6 28. f3 Be4 29. Rd7 Qh4 30. Red1 Bxc2+ 31. Kxc2 Qa4+ 32. Kb1
h5 33. R1d4 Qb5 34. f4 Qf1+ 35. Kc2 Qe2+ 36. Kb3 Qb5+ 37. Ka3 Qa5+ 38. Kb3 Qb5+
39. Kc2 Qe2+ 40. Rd2 Qe4+ 41. R7d3 Qxf4 42. Rd4 Qc7 43. Rd6+ Kg5 44. g3 Qc4 45.
b3 Qe4+ 46. Kb2 a5 47. R6d4 Qe1 48. R2d3 Qe7 49. b4 Qe2+ 50. Ka3 Qe7 51. Ka4
Qc7 52. b5 Qf7 53. c4 Qc7 54. a3 Kh6 55. Kb3 Qc5 56. Rd5 a4+ 57. Kxa4 Qxc4+ 58.
Ka5 Qc8 59. b6 Qa8+ 60. Kb4 Qf8+ 61. Rd6 h4 62. gxh4 f4 63. b7 f3 64. Kb5 f2
65. Rd1 f1=Q+ 66. Rxf1 Qxd6 67. Rc1 Qxa3 68. Rc8 Qb3+ 69. Kc6 Qc4+ 70. Kd6 Qb4+
71. Kc6 Qc4+ 1/2-1/2

[Event "España ch sub-16 2007"]
[Site "Linres ESP"]
[Date "2007.07.24"]
[Round "5.7"]
[White "Ribas Gomez, Diego"]
[Black "Moreno Gracia, Daniel"]
[Result "0-1"]
[WhiteElo "2043"]
[BlackElo "2237"]
[PlyCount "114"]
[EventDate "2007.07.22"]
[EventType "swiss"]
[EventRounds "9"]
[EventCountry "ESP"]
[Source "lmi"]
[SourceDate "2007.07.22"]

1. f4 c5 2. Nf3 d6 3. g3 g6 4. Bg2 Bg7 5. d3 Nc6 6. O-O Nf6 7. Qe1 O-O 8. c3
Rb8 9. Na3 b5 10. Nc2 b4 11. Nh4 Qc7 12. e4 a5 13. Qd2 a4 14. Re1 Bd7 15. Kh1
Rfc8 16. d4 b3 17. axb3 Na5 18. Qe2 Nxb3 19. Rb1 Bb5 20. Qf3 cxd4 21. Nxd4 Nxc1
22. Nxb5 Rxb5 23. Rexc1 Rcb8 24. Qe2 Qb6 25. Rc2 Rb3 26. e5 Ne8 27. Bd5 Rb5 28.
Bc4 Rc5 29. Nf3 dxe5 30. Ba2 Qc6 31. Kg1 exf4 32. Qxe7 Rf5 33. g4 Bf8 34. Qe2
Rf6 35. Rd1 Bc5+ 36. Kf1 Ng7 37. Bd5 Qc7 38. g5 Re8 39. gxf6 Rxe2 40. Rxe2 Nf5
41. Re8+ Bf8 42. Ng5 Ne3+ 43. Ke1 Nxd1 44. Bxf7+ Qxf7 45. Nxf7 Kxf7 46. Rb8 Ne3
47. Ke2 a3 48. b4 Nc2 49. Ra8 g5 50. Kf3 Bd6 51. Ke4 g4 52. Ra6 Bb8 53. Ra8 g3
54. hxg3 fxg3 55. Kf3 Ne1+ 56. Ke2 g2 57. Kf2 Bh2 0-1

[Event "España ch sub-16 2007"]
[Site "Linres ESP"]
[Date "2007.07.24"]
[Round "5.8"]
[White "Espinosa Aranda, Angel"]
[Black "Varona Poncela, Tomas"]
[Result "1-0"]
[WhiteElo "2184"]
[BlackElo "2034"]
[PlyCount "27"]
[EventDate "2007.07.22"]
[EventType "swiss"]
[EventRounds "9"]
[EventCountry "ESP"]
[Source "lmi"]
[SourceDate "2007.07.22"]

1. e4 d5 2. exd5 Qxd5 3. Nc3 Qe5+ 4. Be2 c6 5. d4 Qc7 6. Nf3 Bf5 7. d5 Nf6 8.
Nd4 Bg6 9. O-O a6 10. f4 h6 11. f5 Bh7 12. Bf4 Qd7 13. Ne6 cxd5 14. Nc7+ 1-0

[Event "España ch sub-16 2007"]
[Site "Linres ESP"]
[Date "2007.07.24"]
[Round "5.9"]
[White "Lara Lopez, Sergio"]
[Black "Garcia Molina, Francisco Miguel"]
[Result "0-1"]
[WhiteElo "2056"]
[BlackElo "2157"]
[PlyCount "60"]
[EventDate "2007.07.22"]
[EventType "swiss"]
[EventRounds "9"]
[EventCountry "ESP"]
[Source "lmi"]
[SourceDate "2007.07.22"]

1. e4 e6 2. d4 d5 3. e5 c5 4. c3 Qb6 5. Nf3 Nc6 6. a3 Nh6 7. b4 cxd4 8. cxd4
Nf5 9. Bb2 Bd7 10. Be2 Rc8 11. O-O f6 12. Bd3 Nh6 13. Re1 f5 14. Nbd2 Be7 15.
Nb3 O-O 16. Rc1 a6 17. Nc5 Bxc5 18. Rxc5 Ne7 19. Bc1 Nf7 20. Ng5 Nxg5 21. Bxg5
Nc6 22. Qh5 a5 23. Re3 Be8 24. Qh4 axb4 25. axb4 Qxb4 26. Rg3 Nxd4 27. Qxd4
Qxc5 28. Qxc5 Rxc5 29. h4 Rc7 30. Be2 b5 0-1

[Event "España ch sub-16 2007"]
[Site "Linres ESP"]
[Date "2007.07.24"]
[Round "5.10"]
[White "Herrera Delgado, Alejandro"]
[Black "Donoso Sanchez, Alejandro"]
[Result "1-0"]
[WhiteElo "2150"]
[BlackElo "1983"]
[PlyCount "49"]
[EventDate "2007.07.22"]
[EventType "swiss"]
[EventRounds "9"]
[EventCountry "ESP"]
[Source "lmi"]
[SourceDate "2007.07.22"]

1. e4 c5 2. Nf3 e6 3. b3 d5 4. exd5 Qxd5 5. Bb2 Nf6 6. Nc3 Qd8 7. Bd3 Nc6 8.
Qe2 a6 9. a3 Be7 10. O-O b5 11. Ne4 Bb7 12. a4 b4 13. Rfe1 h6 14. Rad1 Qc7 15.
Nxf6+ gxf6 16. Be4 Rg8 17. d4 f5 18. Bxc6+ Bxc6 19. d5 Bd7 20. Ne5 Bc8 21. Qh5
Bd6 22. dxe6 Bxe5 23. exf7+ Qxf7 24. Rxe5+ Kf8 25. Rd8+ 1-0

[Event "España ch sub-16 2007"]
[Site "Linres ESP"]
[Date "2007.07.24"]
[Round "5.11"]
[White "Fernandez Martinez, Jorge"]
[Black "Gago Padreny, Ignacio"]
[Result "0-1"]
[WhiteElo "2027"]
[BlackElo "2124"]
[PlyCount "62"]
[EventDate "2007.07.22"]
[EventType "swiss"]
[EventRounds "9"]
[EventCountry "ESP"]
[Source "lmi"]
[SourceDate "2007.07.22"]

1. d4 d5 2. c4 e6 3. g3 Nf6 4. Nf3 Be7 5. Bg2 O-O 6. Nbd2 b6 7. O-O Bb7 8. b3
c5 9. dxc5 Bxc5 10. Bb2 Nbd7 11. cxd5 exd5 12. Nd4 Re8 13. Rc1 Qe7 14. N2f3
Rac8 15. Qd3 g6 16. e3 Ne4 17. Rfd1 Ndf6 18. h3 h5 19. Rc2 Rcd8 20. Re2 a6 21.
Qb1 Qd7 22. Qa1 a5 23. Rc2 Nh7 24. Ne2 Nxf2 25. Kxf2 Bxe3+ 26. Kf1 Qf5 27. Qb1
d4 28. Nexd4 Rxd4 29. Rxd4 Ba6+ 30. Rdc4 Qd3+ 31. Ke1 Bd4+ 0-1

[Event "España ch sub-16 2007"]
[Site "Linres ESP"]
[Date "2007.07.24"]
[Round "5.12"]
[White "Moreno Martin, Daniel"]
[Black "Garcia Moreno, Carlos"]
[Result "0-1"]
[WhiteElo "1997"]
[BlackElo "2118"]
[PlyCount "100"]
[EventDate "2007.07.22"]
[EventType "swiss"]
[EventRounds "9"]
[EventCountry "ESP"]
[Source "lmi"]
[SourceDate "2007.07.22"]

1. e4 e5 2. Nf3 Nc6 3. Bb5 a6 4. Ba4 Nf6 5. Bxc6 dxc6 6. d3 Bd6 7. Nbd2 Be6 8.
O-O Nd7 9. Re1 f6 10. Nf1 c5 11. Ng3 Qe7 12. c3 g6 13. Be3 h5 14. Nh4 Qf7 15.
d4 cxd4 16. cxd4 exd4 17. Bxd4 O-O-O 18. Qa4 Ne5 19. Qc2 Nc6 20. Bc3 Bc5 21.
Rac1 Bb6 22. b4 Nd4 23. Qb2 Bxa2 24. Nxg6 Rhg8 25. Nh4 Be6 26. Rcd1 Nc6 27.
Bxf6 Rdf8 28. e5 Rg4 29. Nf3 Rxb4 30. Qd2 h4 31. Nxh4 Rxh4 32. Bxh4 Bxf2+ 33.
Kh1 Bxe1 34. Qxe1 Qf4 35. Bf6 b5 36. Nh5 Qg4 37. Ng7 Bb3 38. Rd3 Bc4 39. Rg3
Qd4 40. Nf5 Qd7 41. Ne3 Be6 42. Rg7 Qd3 43. Rg3 b4 44. Qa1 Kb7 45. h4 b3 46.
Qa3 Qe2 47. Qxf8 b2 48. Kh2 b1=Q 49. Rf3 Nd4 50. Kg3 Nxf3 0-1

[Event "España ch sub-16 2007"]
[Site "Linres ESP"]
[Date "2007.07.25"]
[Round "6.1"]
[White "Recuero Guerra, David"]
[Black "Alonso Rosell, Alvar"]
[Result "0-1"]
[WhiteElo "2378"]
[BlackElo "2285"]
[PlyCount "148"]
[EventDate "2007.07.22"]
[EventType "swiss"]
[EventRounds "9"]
[EventCountry "ESP"]
[Source "lmi"]
[SourceDate "2007.07.22"]

1. e4 c5 2. Nf3 d6 3. d4 cxd4 4. Nxd4 Nf6 5. Nc3 a6 6. Be3 Ng4 7. Bg5 h6 8. Bh4
g5 9. Bg3 Bg7 10. h3 Ne5 11. f3 Nbc6 12. Bf2 Be6 13. Qd2 Qa5 14. Nb3 Bxb3 15.
cxb3 Ng6 16. O-O-O O-O 17. Kb1 e6 18. g3 Rac8 19. Be2 Rfd8 20. a3 b5 21. b4 Qc7
22. h4 Qe7 23. Bb6 Rd7 24. hxg5 hxg5 25. Be3 a5 26. Bxb5 axb4 27. axb4 Rdd8 28.
Bxc6 Rxc6 29. Bxg5 f6 30. Be3 Ne5 31. Qe2 Rb8 32. b5 Rxc3 33. bxc3 Qc7 34. Kc2
Nc4 35. Rd4 Na3+ 36. Kd2 Rxb5 37. Rb4 Rxb4 38. cxb4 Qc2+ 39. Ke1 Qb1+ 40. Qd1
Qb2 41. Bd2 Nc2+ 42. Kf1 Nd4 43. Qc1 Qb3 44. Bc3 Qc4+ 45. Kg2 Qe2+ 46. Kh3 Nxf3
47. Bd2 Nxd2 48. Qc8+ Kf7 49. Qd7+ Kg6 50. Qxe6 Qh5+ 51. Kg2 Qf3+ 52. Kh2 Nxe4
53. Rg1 Ng5 54. Qe8+ Kh6 55. Rg2 Qg4 56. Qe3 Qxb4 57. Kg1 Qc5 58. Qxc5 dxc5 59.
Rc2 f5 60. Kg2 Bd4 61. Kf1 Kh5 62. Rh2+ Kg4 63. Kg2 Nf3 64. Rh6 c4 65. Rg6+ Ng5
66. Rc6 c3 67. Rc4 Ne6 68. Kf1 Kf3 69. Ke1 Kxg3 70. Rc6 Nf4 71. Kd1 Kf3 72. Kc2
Ke4 73. Rc8 Nd5 74. Re8+ Be5 0-1

[Event "España ch sub-16 2007"]
[Site "Linres ESP"]
[Date "2007.07.25"]
[Round "6.2"]
[White "Senlle Caride, Miguel"]
[Black "Arribas Lopez, Angel"]
[Result "1/2-1/2"]
[WhiteElo "2179"]
[BlackElo "2292"]
[PlyCount "99"]
[EventDate "2007.07.22"]
[EventType "swiss"]
[EventRounds "9"]
[EventCountry "ESP"]
[Source "lmi"]
[SourceDate "2007.07.22"]

1. g3 g6 2. Bg2 Bg7 3. e4 c5 4. c3 Nc6 5. Ne2 d6 6. h3 e5 7. O-O Nge7 8. d3 O-O
9. Be3 Be6 10. f4 f5 11. Nd2 Qd7 12. Kh2 b6 13. Nf3 h6 14. Qd2 Kh7 15. Nh4 d5
16. exf5 Nxf5 17. Nxf5 Rxf5 18. fxe5 Nxe5 19. Rxf5 Bxf5 20. Nf4 Re8 21. Rf1
Bxd3 22. Rd1 Bf5 23. Nxd5 Nc4 24. Nf6+ Bxf6 25. Qxd7+ Bxd7 26. Rxd7+ Bg7 27.
Bf2 Re2 28. Kg1 Nxb2 29. Rxa7 Rc2 30. Be3 Rxc3 31. Bf4 Nd3 32. Bd6 Rc1+ 33. Kh2
Rc2 34. Kg1 Rc1+ 35. Kh2 Rc2 36. Kg1 Rf2 37. Be4 Rf6 38. Be7 Rf7 39. Bxd3 Bf8
40. Bc4 Rxe7 41. Rxe7+ Bxe7 42. Kf2 Kg7 43. Ke3 Kf6 44. Ke4 Bd6 45. g4 Kg5 46.
Kd5 Bh2 47. Bd3 Bg1 48. a4 Bd4 49. Bb1 Kf6 50. Bd3 1/2-1/2

[Event "España ch sub-16 2007"]
[Site "Linres ESP"]
[Date "2007.07.25"]
[Round "6.3"]
[White "Galan Martin, Pedro Juan"]
[Black "Salgado Lopez, Ivan"]
[Result "0-1"]
[WhiteElo "2095"]
[BlackElo "2456"]
[PlyCount "76"]
[EventDate "2007.07.22"]
[EventType "swiss"]
[EventRounds "9"]
[EventCountry "ESP"]
[Source "lmi"]
[SourceDate "2007.07.22"]

1. e4 c5 2. Nf3 d6 3. d4 cxd4 4. Nxd4 Nf6 5. Nc3 a6 6. Be3 e5 7. Nf3 Be7 8. Bc4
O-O 9. O-O Qc7 10. Bb3 Be6 11. Qe2 Rc8 12. Rfd1 Nbd7 13. Rac1 b5 14. Bg5 Bf8
15. h3 b4 16. Nd5 Bxd5 17. Bxd5 Nxd5 18. Rxd5 Nb6 19. Rd3 Qb7 20. b3 f5 21. Nd2
f4 22. f3 Be7 23. Bxe7 Qxe7 24. Qf2 Rc6 25. c4 Nd7 26. c5 Nxc5 27. Qe2 Qa7 28.
Kh1 Nxe4 29. Nxe4 Rxc1+ 30. Rd1 Rac8 31. Kh2 Rxd1 32. Qxd1 Qd4 33. Qf1 Rc6 34.
Ng5 h6 35. Ne4 d5 36. Nf2 Rc3 37. Qxa6 Qxf2 38. Qe6+ Kh8 0-1

[Event "España ch sub-16 2007"]
[Site "Linres ESP"]
[Date "2007.07.25"]
[Round "6.4"]
[White "Moreno Gracia, Daniel"]
[Black "Pardo Simon, David"]
[Result "0-1"]
[WhiteElo "2237"]
[BlackElo "2080"]
[PlyCount "82"]
[EventDate "2007.07.22"]
[EventType "swiss"]
[EventRounds "9"]
[EventCountry "ESP"]
[Source "lmi"]
[SourceDate "2007.07.22"]

1. c4 e5 2. Nc3 Nc6 3. g3 g6 4. Bg2 Bg7 5. Nf3 d6 6. d3 f5 7. O-O Nf6 8. Bg5 h6
9. Bxf6 Qxf6 10. Nd5 Qf7 11. b4 e4 12. dxe4 Bxa1 13. Qxa1 O-O 14. Nh4 Kh7 15.
b5 Ne5 16. f4 Nxc4 17. Qd4 c6 18. bxc6 bxc6 19. exf5 Bxf5 20. Qxc4 Be6 21. f5
Bxd5 22. Qc2 Qg7 23. Nxg6 Rfe8 24. Rf4 Qa1+ 25. Kf2 Bxg2 26. Kxg2 Qf6 27. Qxc6
Rxe2+ 28. Kf3 Rae8 29. Qc7+ Kg8 30. Qc4+ Qf7 31. Qxe2 Rxe2 32. Kxe2 Qxa2+ 33.
Kf3 Qxh2 34. Ne7+ Kf7 35. f6 a5 36. Nf5 Kxf6 37. Nxd6+ Ke6 38. Ne4 Qh1+ 39. Kf2
Qc1 40. Rh4 a4 41. Rxh6+ Ke5 0-1

[Event "España ch sub-16 2007"]
[Site "Linres ESP"]
[Date "2007.07.25"]
[Round "6.5"]
[White "Gago Padreny, Ignacio"]
[Black "Espinosa Aranda, Angel"]
[Result "1-0"]
[WhiteElo "2124"]
[BlackElo "2184"]
[PlyCount "97"]
[EventDate "2007.07.22"]
[EventType "swiss"]
[EventRounds "9"]
[EventCountry "ESP"]
[Source "lmi"]
[SourceDate "2007.07.22"]

1. d4 d5 2. Nf3 Nf6 3. c4 dxc4 4. e3 e6 5. Bxc4 a6 6. O-O c5 7. dxc5 Qxd1 8.
Rxd1 Bxc5 9. Nbd2 Nbd7 10. b3 b6 11. Bb2 Bb7 12. Be2 Rc8 13. Kf1 Ke7 14. Ne1 b5
15. a4 Bc6 16. Nc2 e5 17. Rdc1 Rb8 18. axb5 axb5 19. Ba3 Bxa3 20. Rxa3 Rhc8 21.
Raa1 b4 22. f3 Nd5 23. e4 Nf4 24. Ne3 Nxe2 25. Kxe2 Ke6 26. Kd1 Nb6 27. Ra6 f6
28. Nd5 Bxd5 29. Rxc8 Rxc8 30. exd5+ Kxd5 31. Rxb6 Kd4 32. Rxb4+ Kd3 33. Rb7
Ra8 34. Rd7+ Ke3 35. Kc2 g5 36. b4 h5 37. b5 Rb8 38. b6 Kf2 39. Nc4 Kxg2 40. b7
Kxh2 41. Na5 g4 42. fxg4 hxg4 43. Kd3 Kg2 44. Ke2 f5 45. Nc6 Rxb7 46. Rxb7 f4
47. Nxe5 f3+ 48. Nxf3 gxf3+ 49. Ke3 1-0

[Event "España ch sub-16 2007"]
[Site "Linres ESP"]
[Date "2007.07.25"]
[Round "6.6"]
[White "Garcia Molina, Francisco Miguel"]
[Black "Gil Quilez, David"]
[Result "1/2-1/2"]
[WhiteElo "2157"]
[BlackElo "1934"]
[PlyCount "105"]
[EventDate "2007.07.22"]
[EventType "swiss"]
[EventRounds "9"]
[EventCountry "ESP"]
[Source "lmi"]
[SourceDate "2007.07.22"]

1. e4 e5 2. Nf3 Nc6 3. Bb5 a6 4. Ba4 Nf6 5. O-O b5 6. Bb3 Be7 7. Qe2 O-O 8. c3
d5 9. d3 d4 10. cxd4 Nxd4 11. Nxd4 Qxd4 12. Be3 Qd6 13. Rc1 Rd8 14. Nd2 Qxd3
15. Qxd3 Rxd3 16. Rxc7 Bd7 17. Bc2 Bd8 18. Bxd3 Bxc7 19. f3 Bd6 20. Kf2 Kf8 21.
Ke2 Ke7 22. Nf1 Nh5 23. g3 h6 24. Bd2 Rc8 25. Ne3 Nf6 26. a3 Be6 27. Nf5+ Bxf5
28. exf5 Nd5 29. Rc1 Rxc1 30. Bxc1 Nb6 31. b4 Bc7 32. Bd2 f6 33. g4 Nd5 34. Be4
Kd6 35. Kd3 Bb6 36. Kc2 Bg1 37. h3 Bb6 38. Kb3 Ba7 39. a4 Bd4 40. h4 Bf2 41. h5
Bb6 42. Bd3 Nc7 43. Bf1 Ba7 44. axb5 axb5 45. Kc2 Bf2 46. Kd3 Kd5 47. Bg2 Kd6
48. Ke4 Bg3 49. Bf1 Kc6 50. Be3 Na6 51. Bd2 Bh4 52. Kd3 Bg5 53. Bc3 1/2-1/2

[Event "España ch sub-16 2007"]
[Site "Linres ESP"]
[Date "2007.07.25"]
[Round "6.7"]
[White "Santana Montero, Pedro L"]
[Black "Herrera Delgado, Alejandro"]
[Result "1/2-1/2"]
[WhiteElo "1888"]
[BlackElo "2150"]
[PlyCount "64"]
[EventDate "2007.07.22"]
[EventType "swiss"]
[EventRounds "9"]
[EventCountry "ESP"]
[Source "lmi"]
[SourceDate "2007.07.22"]

1. e4 c5 2. Nf3 Nf6 3. Nc3 d5 4. exd5 Nxd5 5. Bb5+ Bd7 6. Qe2 Nb4 7. Bxd7+ Qxd7
8. d4 cxd4 9. Ne5 Qc8 10. Qb5+ N8c6 11. Nxc6 Nxc6 12. Ne2 a6 13. Qb6 e5 14. O-O
Bd6 15. f4 O-O 16. fxe5 Bxe5 17. Bf4 Bxf4 18. Rxf4 Qe6 19. Rf2 Rfd8 20. Qxb7
Rdb8 21. Qc7 Rxb2 22. Raf1 Rf8 23. Nf4 Qc4 24. Qd6 Rxc2 25. Ne6 Qb4 26. Qxb4
Nxb4 27. Rxc2 fxe6 28. Rxf8+ Kxf8 29. Rc4 Nxa2 30. Rxd4 Ke7 31. Ra4 Nc3 32.
Rxa6 Kf6 1/2-1/2

[Event "España ch sub-16 2007"]
[Site "Linres ESP"]
[Date "2007.07.25"]
[Round "6.8"]
[White "Garcia Moreno, Carlos"]
[Black "Camacho Collados, Marcos"]
[Result "1-0"]
[WhiteElo "2118"]
[BlackElo "2239"]
[PlyCount "151"]
[EventDate "2007.07.22"]
[EventType "swiss"]
[EventRounds "9"]
[EventCountry "ESP"]
[Source "lmi"]
[SourceDate "2007.07.22"]

1. e4 e5 2. Nf3 Nf6 3. Nxe5 d6 4. Nf3 Nxe4 5. Qe2 Qe7 6. d3 Nf6 7. Bg5 Nbd7 8.
Nc3 Qxe2+ 9. Bxe2 g6 10. O-O Bg7 11. Nb5 Nd5 12. c4 a6 13. cxd5 axb5 14. d4 h6
15. Bd2 O-O 16. Rfc1 Nb6 17. Rxc7 Nxd5 18. Rcc1 Bd7 19. h3 Bc6 20. Bd1 Ne7 21.
Bc3 Nf5 22. Kf1 Rfe8 23. Bb3 Bxf3 24. gxf3 Bxd4 25. Bd5 Re7 26. Rd1 Bxc3 27.
bxc3 Rc8 28. Rd3 Ng7 29. Rb1 Rc5 30. Be4 Ne8 31. Rd5 Re5 32. Rxe5 dxe5 33. Bxb7
Nd6 34. Be4 Kf8 35. Rb3 Ke7 36. Bd3 Kf6 37. a3 Kg5 38. Kg2 f5 39. Kg3 Rd5 40.
Be2 e4 41. h4+ Kf6 42. fxe4 Nxe4+ 43. Kg2 Nd6 44. Rb4 Rc5 45. Rb3 Ke5 46. Bd3
Kd5 47. Kf3 Kc6 48. Kg3 Nc4 49. h5 g5 50. Kg2 Nd6 51. Kg3 Kd5 52. Kf3 Kc6 53.
Kg3 Ne8 54. f4 g4 55. Bb1 Nf6 56. Kh4 Rd5 57. Rb2 Kd6 58. Rb4 Ng8 59. a4 Ne7
60. Rxb5 Rd2 61. Bxf5 Nd5 62. Bxg4 Nxf4 63. Rb6+ Ke5 64. Rxh6 Rh2+ 65. Kg5 Rg2
66. Rb6 Nh3+ 67. Kh4 Nf2 68. Bf3 Rg1 69. h6 Rg8 70. h7 Rh8 71. Rb7 Nd3 72. Kg5
Nc5 73. Ra7 Ne6+ 74. Kg6 Nf8+ 75. Kh6 Kf6 76. Be4 1-0

[Event "España ch sub-16 2007"]
[Site "Linres ESP"]
[Date "2007.07.25"]
[Round "6.9"]
[White "Cabrera Trujillo, Jorge"]
[Black "Jane Besora, Esteve"]
[Result "1-0"]
[WhiteElo "2324"]
[BlackElo "2015"]
[PlyCount "89"]
[EventDate "2007.07.22"]
[EventType "swiss"]
[EventRounds "9"]
[EventCountry "ESP"]
[Source "lmi"]
[SourceDate "2007.07.22"]

1. e4 c5 2. Nf3 e6 3. d4 cxd4 4. Nxd4 Nc6 5. Nc3 Qc7 6. Be3 a6 7. Bd3 Nf6 8.
O-O Nxd4 9. Bxd4 Bc5 10. Bxf6 gxf6 11. Qg4 Kf8 12. Kh1 h5 13. Qh4 Be7 14. f4 b5
15. Ne2 Bb7 16. f5 e5 17. Ng3 d5 18. c3 Rd8 19. exd5 Bxd5 20. Be4 Qc4 21. Rfd1
Bxe4 22. Rxd8+ Bxd8 23. Qxe4 Qxe4 24. Nxe4 Ke7 25. Rd1 Bb6 26. g3 Rg8 27. h3 h4
28. g4 Rc8 29. Kg2 Rc4 30. Nd2 Rf4 31. Rf1 Rxf1 32. Kxf1 Be3 33. Ne4 Bg5 34.
Ke2 Kd7 35. Kd3 Kc6 36. c4 b4 37. Kc2 a5 38. Kb3 Bc1 39. Nxf6 Kc5 40. Kc2 Bf4
41. Kd3 a4 42. b3 a3 43. Ke4 Bg5 44. Nd7+ Kd6 45. Nxe5 1-0